|
|
|
|
| LEADER |
02071nam a22003855i 4500 |
| 001 |
978-94-6351-131-5 |
| 003 |
DE-He213 |
| 005 |
20170912200056.0 |
| 007 |
cr nn 008mamaa |
| 008 |
170912s2017 ne | s |||| 0|eng d |
| 020 |
|
|
|a 9789463511315
|9 978-94-6351-131-5
|
| 024 |
7 |
|
|a 10.1007/978-94-6351-131-5
|2 doi
|
| 040 |
|
|
|d GrThAP
|
| 050 |
|
4 |
|a L1-991
|
| 072 |
|
7 |
|a JN
|2 bicssc
|
| 072 |
|
7 |
|a EDU000000
|2 bisacsh
|
| 082 |
0 |
4 |
|a 370
|2 23
|
| 245 |
1 |
0 |
|a New Framings on Anti-Racism and Resistance
|h [electronic resource] :
|b Volume 2 – Resistance and the New Futurity /
|c edited by Joanna Newton, Arezou Soltani.
|
| 264 |
|
1 |
|a Rotterdam :
|b SensePublishers :
|b Imprint: SensePublishers,
|c 2017.
|
| 300 |
|
|
|a CXLII, 16 p.
|b online resource.
|
| 336 |
|
|
|a text
|b txt
|2 rdacontent
|
| 337 |
|
|
|a computer
|b c
|2 rdamedia
|
| 338 |
|
|
|a online resource
|b cr
|2 rdacarrier
|
| 347 |
|
|
|a text file
|b PDF
|2 rda
|
| 520 |
|
|
|a Using a critical anti-racism approach, contributors to this volume demonstrate and document the resistance and futurity possible when students, educators, administrators, policymakers, and community members engage in critical anti-racism education. Relying on contemporary educational issues and personal/political reflections, this collection of essays brings together a variety of new insights on anti-racism praxis. This volume speaks to readers who are working with or seeking new conceptual framings of race, white supremacy, and Indigeneity in order to work towards a politics of decolonization. New Framings on Anti-Racism: Resistance and the New Futurity provides new theoretical directions and practical applications for people engaged in the field of anti-racism.
|
| 650 |
|
0 |
|a Education.
|
| 650 |
1 |
4 |
|a Education.
|
| 650 |
2 |
4 |
|a Education, general.
|
| 700 |
1 |
|
|a Newton, Joanna.
|e editor.
|
| 700 |
1 |
|
|a Soltani, Arezou.
|e editor.
|
| 710 |
2 |
|
|a SpringerLink (Online service)
|
| 773 |
0 |
|
|t Springer eBooks
|
| 856 |
4 |
0 |
|u http://dx.doi.org/10.1007/978-94-6351-131-5
|z Full Text via HEAL-Link
|
| 912 |
|
|
|a ZDB-2-EDA
|
| 950 |
|
|
|a Education (Springer-41171)
|